书目信息 |
| 题名: |
水暖工程施工维修手册
|
|
| 作者: | 于忠民 编 | |
| 分册: | ||
| 出版信息: | 天津 天津科学技术出版社 1982 |
|
| 页数: | 293页 | |
| 开本: | 19cm | |
| 丛书名: | ||
| 单 册: | ||
| 中图分类: | TU832.3 | |
| 科图分类: | ||
| 主题词: | 热水采暖-采暖设备--维修 , 采暖设备-热水采暖--维修 | |
| 电子资源: | ||
| ISBN: | ||
| 000 | 00670nam0 2200241 45 | |
| 001 | 0182004150 | |
| 005 | 20060815152923.04 | |
| 010 | @dCNY0.98 | |
| 091 | @a15212.61 | |
| 100 | @a19950403d1982 em y0chiy0121 ea | |
| 101 | 0 | @achi |
| 102 | @aCN@b120000 | |
| 105 | @ay z 000yy | |
| 200 | 10 | @a水暖工程施工维修手册@Ashui nuan gong cheng shi gong wei xiu shou ce@f于忠民编 |
| 210 | @a天津@c天津科学技术出版社@d1982 | |
| 215 | @a293页@d19cm | |
| 606 | @a热水采暖-采暖设备@x维修 | |
| 606 | @a采暖设备-热水采暖@x维修 | |
| 690 | @aTU832.3@v3 | |
| 701 | 0 | @a于忠民@Ayu zhong min@4编 |
| 801 | 2 | @aCN@bNLC@c20060815 |
| 801 | 0 | @aCN@bTSSF |
| 905 | @a10447@dTU832.3@e295 | |
| 水暖工程施工维修手册/于忠民编.-天津:天津科学技术出版社,1982 |
| 293页;19cm |
| ISBN :CNY0.98 |
| ● |
| 相关链接 |
|
|
|
|
正题名:水暖工程施工维修手册
索取号:TU832.3/295
 
预约/预借
| 序号 | 登录号 | 条形码 | 馆藏地/架位号 | 状态 | 备注 |
| 1 | 0458561 | 204585617 | 密集书库/ [索取号:TU832.3/295] | 在馆 |